[Event "POL-chT 1st League"]
[Site "Szklarska Poreba"]
[Date "2021.09.10"]
[Round "7.1"]
[White "Warakomski, Tomasz"]
[Black "Luch, Michal"]
[Result "1-0"]
[WhiteElo "2513"]
[BlackElo "2383"]
[PlyCount "65"]
[EventDate "2021.09.04"]
[EventType "team-swiss"]
[EventRounds "9"]
[EventCountry "POL"]
[SourceTitle "CBM 204 Extra"]
[Source "ChessBase"]
[SourceDate "2021.11.30"]
[SourceVersion "1"]
[SourceVersionDate "2021.11.30"]
[SourceQuality "1"]
[WhiteTeam "Gliwice Akademia Szachowa"]
[BlackTeam "Wisznia Mala Bialy Krol"]
[WhiteTeamCountry "POL"]
[BlackTeamCountry "POL"]

1. e4 e5 2. Nf3 Nf6 3. Nxe5 d6 4. Nf3 Nxe4 5. Bd3 d5 6. 0-0 Be7 7. Re1 Nd6 8. Nc3 c6 9. Qe2 Nd7 10. b4 Nf8 11. b5 Ne6 12. bxc6 bxc6 13. Ne5 Qc7 14. Ba3 0-0 15. Qf3 Bb7 16. Qh5 g6 17. Qg4 Bc8 18. Qg3 Nf5 19. Bxf5 Bxa3 20. Bxe6 Bxe6 21. Nxd5 cxd5 22. Qxa3 Qxc2 23. d4 Rfb8 24. Qe3 Rb6 25. h4 Qf5 26. g3 Rc8 27. Rac1 Rb2 28. Rxc8+ Bxc8 29. Nc6 Kg7 30. Ne7 Qd7 31. h5 Rb8 32. h6+ Kf8 33. Qe5 1-0